LEADER 01659nam0 22003251i 450 001 UON00337725 005 20231205104246.168 100 $a20091013g19691971 |0itac50 ba 101 $arum 102 $aRO 105 $a|||| 1|||| 200 1 $aOpere$fPetre Ispirescu$geditie ingrijita, note si variante, glosar si bibliografie de Aristita Avramescu$gstudiu introductiv de Corneliu Barbulescu 205 $aBucuresti : Editura pentru Literatura$g[poi] Editura Minerva 210 $a2 v.$ctav. ; 22 cm 215 $aContenuto$cVol. 1.$dLegende sau basmeli romanilor, ghicitori si proverburi (1872 - 1874 - 1876)$dBasme, snoave si glume 316 $aEx inventario : Romeno 858.$5IT-UONSI FONDOONCIULESCUA/1230/1 316 $aEx inventario : Romeno 1248.$5IT-UONSI FONDOONCIULESCUA/1230/2 620 $aRO$dBucure?ti$3UONL000071 676 $a859$cLetteratura romena e letterature ladine$v21 700 1$aISPIRESCU$bPetre$3UONV186563$0700389 702 1$aAVRAMESCU$bAristi?a$3UONV186564 702 1$aBARBULESCU$bCorneliu$3UONV188849 712 $aEditura Minerva$3UONV275495$4650 712 $aEditura pentru literatura$3UONV275423$4650 801 $aIT$bSOL$c20240220$gRICA 912 $aUON00337725 950 $aSIBA - SISTEMA BIBLIOTECARIO DI ATENEO$dSI FONDO ONCIULESCU A 1230/1 $eSI EO 43831 5 1230/1 Ex inventario : Romeno 858. 950 $aSIBA - SISTEMA BIBLIOTECARIO DI ATENEO$dSI FONDO ONCIULESCU A 1230/2 $eSI EO 43833 5 1230/2 Ex inventario : Romeno 1248. 996 $aOpere$91363545 997 $aUNIOR